<?xml version="1.0" encoding="UTF-8"?>
<collection xmlns="http://www.loc.gov/MARC21/slim">
 <record>
  <leader>06905nam a2200301 a 4500</leader>
  <controlfield tag="001">1/55133</controlfield>
  <controlfield tag="008">220404s2021    gr d     b    000 | gre d</controlfield>
  <datafield tag="020" ind1=" " ind2=" ">
   <subfield code="a">9789600122831</subfield>
  </datafield>
  <datafield tag="040" ind1=" " ind2=" ">
   <subfield code="a">GR-PeUP</subfield>
  </datafield>
  <datafield tag="082" ind1="0" ind2="0">
   <subfield code="a">330.9495 ΑΛΟ</subfield>
  </datafield>
  <datafield tag="100" ind1="1" ind2=" ">
   <subfield code="a">Αλογοσκούφης, Γιώργος.</subfield>
  </datafield>
  <datafield tag="245" ind1="0" ind2="0">
   <subfield code="a">Ιστορικοί κύκλοι της ελληνικής οικονομίας : </subfield>
   <subfield code="b">από το 1821 έως σήμερα /</subfield>
   <subfield code="c">Γιώργος Αλογοσκούφης.</subfield>
  </datafield>
  <datafield tag="260" ind1=" " ind2=" ">
   <subfield code="a">Αθήνα ;</subfield>
   <subfield code="b">Θεσσαλονίκη :</subfield>
   <subfield code="b">Εκδόσεις Gutenberg, </subfield>
   <subfield code="c">2021.</subfield>
  </datafield>
  <datafield tag="300" ind1=" " ind2=" ">
   <subfield code="a">374 σ. : </subfield>
   <subfield code="b">διαγρ. ; </subfield>
   <subfield code="c">25 εκ.</subfield>
  </datafield>
  <datafield tag="500" ind1=" " ind2=" ">
   <subfield code="a">Περιεχόμενα: Πρόλογος -- 1. Εισαγωγή -- 1.1 Οι τρεις ιστορικοί κύκλοι της ελληνικής οικονομίας -- 1.2 Εθνική ανεξαρτησία και θεμελίωση του ελληνικού κράτους, 1821-1898 -- 1.3 Επέκταση και ενοποίηση μέσω θριάμβων και καταστροφών, 1899-1949 -- 1.4 Οικονομική και κοινωνική ανάπτυξη, η Δύση και η Ευρωπαϊκή Ένωση, 1950-2020 -- 1.5 Ιδέες, θεσμοί και μετασχηματισμοί -- 1.6 Γεωπολιτικές συγκυρίες και οικονομική παγκοσμιοποίηση -- 1.7 Συμπεράσματα -- 2. Εθνική ανεξαρτησία και θεμελίωση του κράτους, 1821-1898 -- 2.1 Από τον Αγώνα της Ανεξαρτησίας στη δημιουργία του ελληνικού κράτους -- Αφύπνιση της εθνικής συνείδησης και προετοιμασία του Αγώνα-- Ο Αγώνας της Ανεξαρτησίας, 1821-1827 -- Ο ρόλος των Μεγάλων Δυνάμεων στην έκβαση του Αγώνα -- Πολιτική οργάνωση των επαναστατημένων Ελλήνων και πρώτα Συντάγματα -- Χρηματοδότηση του Αγώνα, δάνεια της ανεξαρτησίας και πρώτη πτώχευση -- Ο Καποδίστριας και η δημιουργία του ελληνικού κράτους, 1828-1832 -- Η οικονομία, ο φοίνικας και η Εθνική Χρηματιστική Τράπεζα -- 2.2 Η περίοδος της Μοναρχίας, το Σύνταγμα του 1844 και η Μεγάλη Ιδέα -- Η περίοδος της Αντιβασιλείας, 1833-1835 -- Ιδεολογική συγκρότηση του ελληνικού κράτους -- Η απόλυτη μοναρχία, 1835-1843 -- «Επανάσταση» της 3ης Σεπτεμβρίου 1843 και παραχώρηση Συντάγματος -- Συνταγματική μοναρχία και πολιτικό σύστημα, 1844-1862 -- Η Μεγάλη Ιδέα και οι Προστάτιδες Δυνάμεις -- Το τέλος της Μοναρχίας -- 2.3 Η οικονομία στην περίοδο της Μοναρχίας, 1833-1862 -- Δραχμή και Εθνική Τράπεζα -- Το εγγυημένο δάνειο του 1833 και η δεύτερη πτώχευση -- Διεθνείς κρίσεις, παύσεις της μετατρεψιμότητας και συνέπειες της πτώχευσης -- Οικονομία, εθνικές γαίες και διάρθρωση της παραγωγής -- Τα δίκτυα της Διασποράς και η ναυτιλία -- 2.4 Βασιλευομένη δημοκρατία, πολιτικές μεταρρυθμίσεις και εδαφικές επεκτάσεις -- Από την πολιτική αστάθεια στην αρχή της δεδηλωμένης, 1863-1875 -- Πολιτικές και οικονομικές μεταρρυθμίσεις, 1875-1893 -- Οι εδαφικές επεκτάσεις και οι γεωπολιτικές συγκυρίες -- 2.5 Οικονομία και βασιλευομένη δημοκρατία, 1863-1898 -- Διμεταλλισμός και Λατινική Νομισματική Ένωση -- Δημοσιονομικές ανισορροπίες και νομισματική αστάθεια, 1863-1898 -- Εξωτερικός δανεισμός, πτώχευση και Διεθνής Οικονομικός Έλεγχος 1879-1898 -- Ο σταδιακός μετασχηματισμός της ελληνικής οικονομίας, 1863-1898 -- 2.6 Ανάπτυξη, διακυμάνσεις και οικονομικοί μετασχηματισμοί κατά τον 19ο αιώνα -- Κύκλοι επέκτασης και συρρίκνωσης του πραγματικού κατά κεφαλήν ΑΕΠ -- Η σταδιακή μεταβολή της παραγωγικής διάρθρωσης -- Ο σταδιακός εκχρηματισμός της οικονομίας και το νομισματικό σύστημα -- 2.7 Συμπεράσματα -- 3. Εθνική επέκταση και ενοποίηση μέσω θριάμβων και καταστροφών, 1899-1949 -- 3.1 Από την οικονομική σταθεροποίηση στους βαλκανικούς θριάμβους, 1899-1913 -- Διεθνής Οικονομικός Έλεγχος, οικονομική σταθεροποίηση και ανάκαμψη [...] -- 3.2 Εθνικός Διχασμός, Μικρασιατική Καταστροφή και τέλος Μεγάλης Ιδέας, 1915-1922 -- 3.3 Πολιτική και οικονομική αστάθεια, σταθεροποίηση και πτώχευση, 1923-1932 -- 4. Οικονομική και κοινωνική ανάπτυξη, η Δύση και η Ευρωπαϊκή Ένωση, 1950-2019 -- 5. Ιδέες, θεσμοί και μετασχηματισμοί -- 6. Γεωπολιτικές συγκυρίες και οικονομική παγκοσμιοποίηση -- 7. Οι προκλήσεις του μέλλοντος -- Βιβλιογραφία.</subfield>
  </datafield>
  <datafield tag="504" ind1=" " ind2=" ">
   <subfield code="a">Βιβλιογραφία: σ. [365]-374.</subfield>
  </datafield>
  <datafield tag="650" ind1=" " ind2="0">
   <subfield code="a">Economic history</subfield>
   <subfield code="z">Greece.</subfield>
  </datafield>
  <datafield tag="650" ind1=" " ind2="0">
   <subfield code="a">Economic development.</subfield>
  </datafield>
  <datafield tag="650" ind1=" " ind2="0">
   <subfield code="a">Globalization</subfield>
   <subfield code="x">Greece.</subfield>
  </datafield>
  <datafield tag="650" ind1=" " ind2="4">
   <subfield code="a">Οικονομική ιστορία</subfield>
   <subfield code="z">Ελλάδα.</subfield>
  </datafield>
  <datafield tag="650" ind1=" " ind2="4">
   <subfield code="a">Οικονομική ανάπτυξη.</subfield>
  </datafield>
  <datafield tag="650" ind1=" " ind2="4">
   <subfield code="a">Παγκοσμιοποίηση</subfield>
   <subfield code="z">Ελλάδα.</subfield>
  </datafield>
  <datafield tag="651" ind1=" " ind2="0">
   <subfield code="a">Greece</subfield>
   <subfield code="x">History</subfield>
   <subfield code="y">1821-</subfield>
  </datafield>
  <datafield tag="651" ind1=" " ind2="0">
   <subfield code="a">Greece</subfield>
   <subfield code="x">Economic conditions</subfield>
   <subfield code="y">1821-</subfield>
  </datafield>
  <datafield tag="651" ind1=" " ind2="4">
   <subfield code="a">Ελλάδα</subfield>
   <subfield code="x">Οικονομικές συνθήκες</subfield>
   <subfield code="y">1821-</subfield>
  </datafield>
  <datafield tag="852" ind1=" " ind2=" ">
   <subfield code="a">INST</subfield>
   <subfield code="b">UNIPILB</subfield>
   <subfield code="c">MAIN</subfield>
   <subfield code="e">20220404</subfield>
   <subfield code="h">330.9495 ΑΛΟ</subfield>
   <subfield code="p">00187121</subfield>
   <subfield code="q">00187121</subfield>
   <subfield code="t">LOAN</subfield>
   <subfield code="y">4</subfield>
   <subfield code="x">20230523</subfield>
   <subfield code="4">1</subfield>
  </datafield>
  <datafield tag="852" ind1=" " ind2=" ">
   <subfield code="a">INST</subfield>
   <subfield code="b">UNIPILB</subfield>
   <subfield code="c">MAIN</subfield>
   <subfield code="e">20220404</subfield>
   <subfield code="h">330.9495 ΑΛΟ</subfield>
   <subfield code="p">00187122</subfield>
   <subfield code="q">00187122</subfield>
   <subfield code="t">LOAN</subfield>
   <subfield code="y">0</subfield>
   <subfield code="4">2</subfield>
  </datafield>
  <datafield tag="960" ind1=" " ind2=" ">
   <subfield code="a">ΑΛΜΠΑΝΗ ΤΑΝΙΑ</subfield>
  </datafield>
 </record>
</collection>
